Information technology : Impacts, policies and future perspectives

Spremljeno u:
Bibliografski detalji
Glavni autor: Meyer - Krahmer, F.
Format: Knjiga
Jezik:Undetermined
Izdano: New York Springer- Verlag 1990
Teme:
Oznake: Dodaj oznaku
Bez oznaka, Budi prvi tko označuje ovaj zapis!
Thư viện lưu trữ: Trung tâm Học liệu Trường Đại học Cần Thơ
LEADER 00547nam a2200193Ia 4500
001 CTU_82956
008 210402s9999 xx 000 0 und d
082 |a 001.64 
082 |b M612 
100 |a Meyer - Krahmer, F. 
245 0 |a Information technology : 
245 0 |b Impacts, policies and future perspectives 
245 0 |c F. Meyer - Krahmer 
260 |a New York 
260 |b Springer- Verlag 
260 |c 1990 
650 |a Information technology 
904 |i QHieu(sửa) 
980 |a Trung tâm Học liệu Trường Đại học Cần Thơ